Les équipes battues par Chelsea depuis 2014 - Statistiques

Statistiques générales
  • Ce quiz a été pris 630 fois
    21 depuis la dernière actualisation
  • Le résultat moyen est 42 sur 99
Statistiques - réponses
Nombre de victoires Equipe % Correct
7 Liverpool
100%
8 Manchester City
100%
8 Manchester United
100%
8 Arsenal
94%
12 Aston Villa
94%
1 Paris Saint-Germain
94%
20 Tottenham
94%
14 West Ham
94%
1 Borussia Dortmund
88%
1 FC Barcelone
88%
1 Juventus
88%
2 Real Madrid
88%
9 Wolverhampton
88%
2 AC Milan
82%
12 Everton
82%
6 Leeds
82%
6 Nottingham Forest
82%
3 Atlético Madrid
76%
1 Benfica
76%
5 Brentford
76%
19 Crystal Palace
76%
13 Newcastle
76%
4 Sunderland
76%
10 Brighton
71%
11 Burnley
71%
2 FC Porto
71%
1 FC Séville
71%
6 Norwich
71%
12 Southampton
71%
1 SSC Naples
71%
8 Fulham
65%
13 Leicester
65%
4 LOSC
65%
1 Betis Séville
59%
11 Bournemouth
59%
2 Sporting Portugal
59%
2 Ajax Amsterdam
53%
3 Cardiff City
53%
7 Hull City
53%
2 Derby County
47%
4 Sheffield United
47%
3 Dynamo Kiev
41%
1 Sheffield Wednesday
41%
5 Swansea
41%
10 Watford
41%
1 Bolton
35%
1 Dinamo Zagreb
35%
2 FC Copenhague
35%
3 Huddersfield
35%
4 Luton Town
35%
1 Port Vale
35%
2 Queens Park Rangers
35%
2 Slavia Prague
35%
2 Stade Rennais
35%
6 West Brom
35%
1 Blackburn Rovers
29%
1 Bristol Rovers
29%
1 Schalke 04
29%
2 Barnsley
24%
1 Legia Varsovie
24%
4 Malmö
24%
2 Qarabag
24%
6 Stoke City
24%
1 Zénith Saint-Pétersbourg
24%
1 AFC Wimbledon
18%
1 FC Astana
18%
1 Lincoln City
18%
4 Middlesbrough
18%
1 Preston North End
18%
1 SE Palmeiras
18%
1 Charlton Athletic
12%
1 FC Noah
12%
1 Fluminense
12%
1 Krasnodar
12%
1 La Gantoise
12%
2 Maccabi Tel-Aviv
12%
1 Pafos FC
12%
1 Panathinaïkos
12%
2 PAOK Salonique
12%
1 RB Salzbourg
12%
1 Al-Hilal
6%
1 Barrow AFC
6%
2 BATE Borisov
6%
1 Chesterfield FC
6%
2 Djurgardens IF
6%
1 ES Tunis
6%
1 Grimsby
6%
1 Heidenheim
6%
1 Los Angeles FC
6%
1 Maribor
6%
1 MK Dons
6%
2 Morecambe FC
6%
1 Peterborough
6%
1 Scunthorpe
6%
1 Servette FC
6%
1 Shamrock Rovers
6%
1 Shrewsbury
6%
1 Videoton
6%
1 Walsall
6%
Aucun quiz correspondant
Distribution des résultats
% des personnes avec chaque résultat
Percentile par nombre de réponses
Votre historique - résultats
Vous n’avez pas pris ce quiz depuis la dernière actualisation